000 01525nam2a2200325 4500
001 RU\NLR\BIBL_A\012232965
005 20250806200749.0
035 _a(NLR Aleph) 012232965
090 _a65234
_c65234
100 _a20250806 rusy50
101 0 _arus
102 _aRU
135 _acrcn 024anaba
135 _acrcn 024anaba
200 0 _a1942, ненум. вып. (8 июля)
210 _d1942
325 1 _aКопия доступна в электронной библиотеке РНБ
461 0 _1001RU\NLR\BIBL_A\010696304
_12001#$aЗа военный урожай$eоднодневная газета Свердловского райкома ВКП (б) и исполкома райсовета депутатов трудящихся$v1942, ненум. вып. (8 июля)
852 _aNLR
_jОдн1942/12
856 0 _uhttp://vivaldi.nlr.ru/pn000150833/view
856 1 _uhttp://vivaldi.nlr.ru/pn000150833/cover
856 2 _uhttp://vivaldi.nlr.ru/pn000150833/text
901 _eГазеты
942 _cISSNP
945 _aРоссийская национальная библиотека
980 _aNB
980 _aBV
981 3 7 _a(37) Ленинград в Великой Отечественной войне
_b(37) Газеты блокадного Ленинграда
981 2 7 _a(27) Периодические издания
_b(27) Газеты